Ottawa Senators head coaches - Statistics

General Stats
  • This quiz has been taken 8 times
    6 since last reset
  • The average score is 9 of 15
Answer Stats
Hint Answer % Correct
2019-2023 D.J. Smith
100%
2016-2019 Guy Boucher
100%
1996-2004 Jacques Martin
83%
2023-present (interim) Jacques Martin
83%
2011-2014 Paul MacLean
83%
2004-2007 Bryan Murray
67%
2008 (interim) Bryan Murray
67%
2009-2011 Cory Clouston
67%
2019 (interim) Marc Crawford
67%
2014-2016 Dave Cameron
50%
2007-2008 John Paddock
33%
1992-1995 Rick Bowness
33%
2008-2009 Craig Hartsburg
17%
2002* Roger Nielson
17%
1995-1996 Dave Allison
0%
No matching quizzes found
Score Distribution
Percent of People with Each Score
Percentile by Number Answered
Your Score History
You have not taken this quiz since the last reset